| 000 | 00693nam a2200265Ia 4500 | ||
|---|---|---|---|
| 003 | OSt | ||
| 005 | 20220918163313.0 | ||
| 006 | a|||||r|||| 00| 0 | ||
| 007 | ta | ||
| 008 | 220917b |||||||| |||| 00| 0 eng d | ||
| 020 | _a0 521 44376 8 | ||
| 024 | _a25,878 | ||
| 037 | _cTextual | ||
| 040 |
_aARTS _cARTS _beng |
||
| 041 |
_2eng _aeng |
||
| 082 | _aO111,2:g (S63), N3 | ||
| 100 |
_aRedmond James _912592 |
||
| 245 | 0 | _aMadness in drama | |
| 260 |
_aCambridge _bCUP _c1993 |
||
| 300 |
_aviii, 284p. _ccm. |
||
| 490 | _aThemes in drama | ||
| 650 | _aENGLISH LITERATURE | ||
| 942 |
_hO111,2:g (S63), N3 _cTEXL _2CC |
||
| 999 |
_c119021 _d119021 |
||